Españoles en Tahití.

Bibliographic Details
Main Author: Rodríguez, Máximo
Format: Libro
Language:English
Published: Madrid, España Historia 16 1994
Series:Crónicas de América 69
Subjects:
Online Access:

MARC

LEADER 00000cam a2200000 a 4500
001 024189
003 UAHC_CL
005 20170803122337.0
008 010822b xx j 000 1 eng
020 |a 8476792158 
040 |a UAHC_CL  |c UAHC_CL  |d UAHC_CL 
100 1 |a Rodríguez, Máximo 
245 1 0 |a Españoles en Tahití. 
260 |b Historia 16  |c 1994  |a Madrid, España 
300 |a 231 p. 
490 0 |a Crónicas de América  |v 69 
650 4 |a DESCUBRIMIENTOS Y EXPLORACIONES  |y SIGLO 18  |z TAHITI 
650 4 |a DESCRIPCIONES 
900 |a 996 ROD 
942 |c BK 
952 |0 0  |1 0  |4 0  |6 996_000000000000000_ROD  |7 0  |8 General  |9 48491  |a BC  |b BC  |c General  |d 2017-08-03  |l 0  |o 996 ROD  |p 1310364  |r 2025-01-08 00:00:00  |t 1  |w 2017-08-03  |y BK 
999 |c 24189  |d 24189